[Event "GER-ch Women 2020"]
[Site "Magdeburg"]
[Date "2020.08.18"]
[Round "4.1"]
[White "Voicu-Jagodzinsky, Carmen"]
[Black "Bashylina, Luisa"]
[Result "1/2-1/2"]
[WhiteElo "2244"]
[BlackElo "1975"]
[Annotator "ChessBase"]
[PlyCount "50"]
[EventDate "2020.08.16"]
[EventType "swiss"]
[EventCountry "GER"]
[SourceTitle "playchess.com"]
[Source "ChessBase"]
[SourceQuality "1"]
[TimeControl "40/5400+30:1800+30"]

1. Nf3 {[%emt 0:00:00]} Nf6 {[%emt 0:00:00]} 2. c4 {[%emt 0:00:00]} c6 {[%emt 0:00:00]} 3. g3 {[%emt 0:01:50]} d5 {[%emt 0:00:01]} 4. Bg2 {[%emt 0:00:33]} Bf5 {[%emt 0:00:12]} 5. b3 {[%emt 0:02:29]} h6 {[%emt 0:00:12]} 6. Bb2 {[%emt 0:00:21]} e6 {[%emt 0:00:09]} 7. O-O {[%emt 0:01:56]} Be7 {[%emt 0:00:10]} 8. d3 {[%emt 0:01:30]} O-O {[%emt 0:00:13]} 9. Nbd2 {[%emt 0:01:04]} Nbd7 {[%emt 0:00:19]} 10. Qc2 {[%emt 0:05:41]} Bh7 {[%emt 0:00:31]} 11. Rac1 {[%emt 0:05:09]} Re8 {[%emt 0:04:26]} 12. Rfe1 {[%emt 0:07:21]} a5 {[%emt 0:03:13]} 13. a3 {[%emt 0:05:19]} Qb6 {[%emt 0:02:43]} 14. cxd5 {[%emt 0:16:51]} exd5 {[%emt 0:00:34]} 15. Qc3 {[%emt 0:02:23]} Bd6 {[%emt 0:18:31]} 16. e4 {[%emt 0:06:14]} dxe4 {[%emt 0:09:24]} 17. dxe4 {[%emt 0:00:25]} Ne5 {[%emt 0:01:41]} 18. Nd4 {[%emt 0:01:03]} c5 {[%emt 0:11:16]} 19. Nf5 {[%emt 0:00:24]} Bf8 {[%emt 0:00:33]} 20. Nc4 {[%emt 0:03:17]} Nxc4 {[%emt 0:01:17]} 21. Qxc4 {[%emt 0:00:25]} Qe6 {[%emt 0:01:19]} 22. Qxe6 {[%emt 0:09:59]} Rxe6 {[%emt 0:00:13]} 23. f3 {[%emt 0:01:37]} Bxf5 {[%emt 0:03:00]} 24. exf5 {[%emt 0:00:07]} Rb6 {[%emt 0:00:23]} 25. Re3 {[%emt 0:01:59]} a4 {[%emt 0:04:01]} 1/2-1/2

[Event "GER-ch Women 2020"]
[Site "Magdeburg"]
[Date "2020.08.18"]
[Round "4.2"]
[White "Burchardt, Brigitte"]
[Black "Dietrich, Mareike"]
[Result "1-0"]
[WhiteElo "2091"]
[BlackElo "1699"]
[Annotator "ChessBase"]
[PlyCount "77"]
[EventDate "2020.08.16"]
[EventType "swiss"]
[EventCountry "GER"]
[SourceTitle "playchess.com"]
[Source "ChessBase"]
[SourceQuality "1"]
[TimeControl "40/5400+30:1800+30"]

1. e4 {[%emt 0:00:00]} c5 {[%emt 0:00:00]} 2. b3 {[%emt 0:00:00]} d5 {[%emt 0:02:55]} 3. exd5 {[%emt 0:00:00]} Qxd5 {[%emt 0:00:32]} 4. Nc3 {[%emt 0:00:00]} Qe5+ {[%emt 0:01:23]} 5. Qe2 {[%emt 0:01:03]} Qxe2+ {[%emt 0:01:33]} 6. Bxe2 {[%emt 0:00:05]} Nf6 {[%emt 0:02:39]} 7. Bf3 {[%emt 0:01:55]} Na6 {[%emt 0:03:34]} 8. a3 {[%emt 0:03:34]} e6 {[%emt 0:06:12]} 9. Bb2 {[%emt 0:09:10]} Nc7 {[%emt 0:01:54]} 10. Nge2 {[%emt 0:02:03]} Rb8 {[%emt 0:07:17]} 11. O-O-O {[%emt 0:04:30]} Bd6 {[%emt 0:05:55]} 12. Ng3 {[%emt 0:05:49]} O-O {[%emt 0:04:06]} 13. Nge4 {[%emt 0:01:22]} Be7 {[%emt 0:00:03]} 14. d4 {[%emt 0:12:09]} cxd4 {[%emt 0:01:19]} 15. Rxd4 {[%emt 0:00:30]} Ncd5 {[%emt 0:02:26]} 16. Nxd5 {[%emt 0:10:09]} Nxd5 {[%emt 0:01:00]} 17. c4 {[%emt 0:00:51]} Nf6 {[%emt 0:03:03]} 18. Nd6 {[%emt 0:03:03]} Rd8 {[%emt 0:05:59]} 19. Rhd1 {[%emt 0:04:56]} Kf8 {[%emt 0:05:22]} 20. h3 {[%emt 0:02:37]} b6 {[%emt 0:02:03]} 21. Nb5 {[%emt 0:07:24]} Rxd4 {[%emt 0:02:52]} 22. Nxd4 {[%emt 0:00:23]} Bd7 {[%emt 0:02:18]} 23. Nc6 {[%emt 0:00:34]} Bxc6 {[%emt 0:00:54]} 24. Bxc6 {[%emt 0:00:04]} Rc8 {[%emt 0:00:31]} 25. Bb5 {[%emt 0:01:51]} Ne4 {[%emt 0:05:03]} 26. f3 {[%emt 0:00:35]} Nc5 {[%emt 0:07:58]} 27. b4 {[%emt 0:02:25]} a6 28. bxc5 {[%emt 0:00:06]} axb5 {[%emt 0:00:33]} 29. cxb6 {[%emt 0:00:06]} Rb8 {[%emt 0:02:31]} 30. cxb5 {[%emt 0:01:27]} Rxb6 {[%emt 0:00:25]} 31. a4 {[%emt 0:00:04]} Bg5+ {[%emt 0:02:07]} 32. Kc2 {[%emt 0:00:15]} Ke7 {[%emt 0:00:12]} 33. Kb3 {[%emt 0:00:55]} Bf4 {[%emt 0:00:57]} 34. Bd4 {[%emt 0:00:54]} Rb7 {[%emt 0:00:23]} 35. Bc5+ {[%emt 0:00:28]} Ke8 {[%emt 0:00:15]} 36. Kc4 {[%emt 0:03:02]} Bc7 {[%emt 0:00:18]} 37. Rb1 {[%emt 0:02:11]} Kd7 {[%emt 0:02:32]} 38. b6 {[%emt 0:01:51]} Bd6 {[%emt 0:01:01]} 39. Rd1 {[%emt 0:00:24]} 1-0

[Event "GER-ch Women 2020"]
[Site "Magdeburg"]
[Date "2020.08.18"]
[Round "4.3"]
[White "Osmanodja, Filiz"]
[Black "Mehling, Katharina"]
[Result "1-0"]
[WhiteElo "2293"]
[BlackElo "1947"]
[Annotator "ChessBase"]
[PlyCount "73"]
[EventDate "2020.08.16"]
[EventType "swiss"]
[EventCountry "GER"]
[SourceTitle "playchess.com"]
[Source "ChessBase"]
[SourceQuality "1"]
[TimeControl "40/5400+30:1800+30"]

1. e4 {[%emt 0:00:00]} c6 {[%emt 0:00:00]} 2. d4 {[%emt 0:00:00]} g6 {[%emt 0:00:00]} 3. Nc3 {[%emt 0:00:04]} d5 {[%emt 0:00:09]} 4. h3 {[%emt 0:00:29]} dxe4 {[%emt 0:00:34]} 5. Nxe4 {[%emt 0:01:02]} Nf6 {[%emt 0:01:00]} 6. Nxf6+ {[%emt 0:00:55]} exf6 {[%emt 0:00:06]} 7. Nf3 {[%emt 0:00:13]} Bg7 {[%emt 0:00:23]} 8. Bd3 {[%emt 0:01:02]} O-O {[%emt 0:00:24]} 9. O-O {[%emt 0:00:05]} a5 {[%emt 0:00:32]} 10. Bf4 {[%emt 0:00:40]} Na6 {[%emt 0:00:26]} 11. c4 {[%emt 0:01:26]} Nc7 {[%emt 0:04:50]} 12. Bc2 {[%emt 0:03:03]} Be6 {[%emt 0:02:23]} 13. b3 {[%emt 0:01:05]} Qd7 {[%emt 0:01:54]} 14. Rc1 {[%emt 0:02:19]} Rfd8 {[%emt 0:06:00]} 15. Re1 {[%emt 0:00:29]} Bf8 {[%emt 0:11:15]} 16. Qe2 {[%emt 0:11:28]} Re8 {[%emt 0:04:26]} 17. Qf1 {[%emt 0:02:20]} Na6 {[%emt 0:04:51]} 18. Bb1 {[%emt 0:02:51]} a4 {[%emt 0:08:58]} 19. bxa4 {[%emt 0:06:38]} Nc7 {[%emt 0:07:30]} 20. d5 {[%emt 0:01:44]} Nxd5 {[%emt 0:04:55]} 21. cxd5 {[%emt 0:00:40]} Bxd5 {[%emt 0:00:20]} 22. Rxe8 {[%emt 0:00:46]} Qxe8 {[%emt 0:00:17]} 23. Qd1 {[%emt 0:04:37]} Qd7 {[%emt 0:04:27]} 24. Nh2 {[%emt 0:02:11]} h5 {[%emt 0:01:30]} 25. Nf1 {[%emt 0:00:58]} c5 {[%emt 0:00:57]} 26. Ne3 {[%emt 0:01:46]} Bc6 {[%emt 0:00:31]} 27. Qxd7 {[%emt 0:01:57]} Bxd7 {[%emt 0:00:05]} 28. Nd5 {[%emt 0:00:19]} Bxa4 {[%emt 0:01:22]} 29. Nxf6+ {[%emt 0:00:37]} Kg7 {[%emt 0:00:13]} 30. Be5 {[%emt 0:00:10]} Kh6 {[%emt 0:01:05]} 31. g4 {[%emt 0:00:04]} Be7 {[%emt 0:03:59]} 32. g5+ {[%emt 0:01:18]} Kxg5 {[%emt 0:00:53]} 33. Nd5 {[%emt 0:00:07]} Bf8 {[%emt 0:01:39]} 34. Bf4+ {[%emt 0:00:18]} Kh4 {[%emt 0:00:09]} 35. Kh2 {[%emt 0:07:32]} Rd8 {[%emt 0:03:13]} 36. Rc4 {[%emt 0:10:38]} Rxd5 {[%emt 0:01:30]} 37. Be3+ {[%emt 0:00:04]} 1-0

[Event "GER-ch Women 2020"]
[Site "Magdeburg"]
[Date "2020.08.18"]
[Round "4.4"]
[White "Vidonyak, Nellya"]
[Black "Butenandt, Svenja"]
[Result "1-0"]
[WhiteElo "2136"]
[BlackElo "1879"]
[Annotator "ChessBase"]
[PlyCount "49"]
[EventDate "2020.08.16"]
[EventType "swiss"]
[EventCountry "GER"]
[SourceTitle "playchess.com"]
[Source "ChessBase"]
[SourceQuality "1"]
[TimeControl "40/5400+30:1800+30"]

1. d4 {[%emt 0:00:00]} Nf6 {[%emt 0:00:00]} 2. Nf3 {[%emt 0:00:00]} e6 {[%emt 0:00:00]} 3. b3 {[%emt 0:01:42]} d5 {[%emt 0:01:38]} 4. e3 {[%emt 0:00:30]} Bd6 {[%emt 0:03:25]} 5. Bd3 {[%emt 0:00:32]} b6 {[%emt 0:01:52]} 6. c4 {[%emt 0:01:49]} c6 {[%emt 0:01:56]} 7. O-O {[%emt 0:01:45]} O-O {[%emt 0:00:20]} 8. Ne5 {[%emt 0:02:45]} Bb7 {[%emt 0:05:22]} 9. Bb2 {[%emt 0:05:08]} Nbd7 {[%emt 0:05:38]} 10. Nd2 {[%emt 0:01:43]} c5 {[%emt 0:03:26]} 11. Nxd7 {[%emt 0:09:10]} Nxd7 {[%emt 0:01:08]} 12. dxc5 {[%emt 0:07:25]} Bxc5 {[%emt 0:08:56]} 13. Qh5 {[%emt 0:03:08]} f5 {[%emt 0:06:36]} 14. Nf3 {[%emt 0:07:44]} Nf6 {[%emt 0:03:29]} 15. Qh3 {[%emt 0:05:04]} Nd7 {[%emt 0:16:31]} 16. cxd5 {[%emt 0:05:26]} Bxd5 {[%emt 0:00:34]} 17. e4 {[%emt 0:01:23]} fxe4 {[%emt 0:02:52]} 18. Bxe4 {[%emt 0:00:10]} Nf6 {[%emt 0:01:06]} 19. Bxf6 {[%emt 0:00:18]} Qxf6 {[%emt 0:02:01]} 20. Qxh7+ {[%emt 0:03:19]} Kf7 {[%emt 0:00:07]} 21. Qh5+ {[%emt 0:01:32]} g6 {[%emt 0:02:57]} 22. Qh7+ {[%emt 0:01:43]} Ke8 {[%emt 0:00:32]} 23. Bxd5 {[%emt 0:01:29]} exd5 {[%emt 0:00:22]} 24. Rae1+ {[%emt 0:01:37]} Kd8 {[%emt 0:01:10]} 25. Qb7 {[%emt 0:00:22]} 1-0

[Event "GER-ch Women 2020"]
[Site "Magdeburg"]
[Date "2020.08.18"]
[Round "4.5"]
[White "Heutling, Elina"]
[Black "Rogozenco, Teodora"]
[Result "0-1"]
[WhiteElo "1833"]
[BlackElo "1979"]
[Annotator "NA"]
[PlyCount "64"]
[EventDate "2020.08.16"]
[EventType "swiss"]
[EventCountry "GER"]
[SourceTitle "playchess.com"]
[Source "ChessBase"]
[SourceQuality "1"]
[TimeControl "40/5400+30:1800+30"]

1. e4 {[%emt 0:00:00]} e5 {[%emt 0:00:00]} 2. Nf3 {[%emt 0:00:00]} Nc6 {[%emt 0:00:00]} 3. Bb5 {[%emt 0:00:00]} a6 {[%emt 0:00:03]} 4. Ba4 {[%emt 0:00:00]} Nf6 {[%emt 0:00:10]} 5. d3 {[%emt 0:00:04]} d6 {[%emt 0:02:56]} 6. c3 {[%emt 0:02:11]} g6 {[%emt 0:00:37]} 7. O-O {[%emt 0:02:55]} Bg7 {[%emt 0:00:44]} 8. Nbd2 {[%emt 0:01:18]} O-O {[%emt 0:00:09]} 9. Re1 {[%emt 0:01:10]} b5 {[%emt 0:02:43]} 10. Bc2 {[%emt 0:00:35] C77: Ruy Lopez: 3...a6 4 Ba4 Nf6, unusual lines.} d5 {[%emt 0:03:42]} 11. Nf1 {[%emt 0:09:50] [#]} Rb8 $146 {[%emt 0:21:08]} ({Predecessor:} 11... Bb7 12. Ne3 Re8 13. exd5 Nxd5 14. Nxd5 Qxd5 15. Be3 h6 16. Qd2 Kh7 17. a4 Rad8 {0-1 (26) Antolak,J (1974)-Franzen,J (2310) Police 2015}) 12. Bg5 {[%emt 0:06:54]} h6 {[%emt 0:00:53]} 13. exd5 {[%emt 0:02:43]} Qxd5 {[%emt 0:00:32]} 14. Bxf6 {[%emt 0:06:15]} Bxf6 {[%emt 0:00:11]} 15. Ng3 {[%emt 0:00:16]} Bg7 {[%emt 0:05:59]} 16. Ne4 {[%emt 0:05:38]} Qd8 {[%emt 0:18:26]} 17. Nc5 {[%emt 0:13:51]} Re8 {[%emt 0:00:32]} 18. Qd2 {[%emt 0:01:11]} Qd6 {[%emt 0:01:40]} 19. b4 {[%emt 0:02:14]} a5 {[%emt 0:01:43]} 20. a3 {[%emt 0:01:34]} Bg4 {[%emt 0:01:03]} 21. Qe3 {[%emt 0:02:13]} Ne7 {[%emt 0:04:52]} 22. h3 {[%emt 0:03:59]} Nd5 $1 {[%emt 0:00:43] Double Attack} 23. Qd2 {[%emt 0:06:07]} Bxf3 {[%emt 0:00:10]} 24. gxf3 {[%emt 0:00:04]} Nf4 {[%emt 0:04:31]} 25. Kh2 {[%emt 0:01:12] [#]} e4 $1 {[%emt 0:10:29]} 26. Rxe4 $2 {[%emt 0:04:26]} (26. d4 {was the only defense.} Nd3+ 27. f4 Nxe1 28. Rxe1) 26... Rxe4 {[%emt 0:01:26]} 27. Nxe4 {[%emt 0:01:45]} Qe6 {[%emt 0:00:27]} 28. Kg1 {[%emt 0:01:03]} Be5 {[%emt 0:01:38]} 29. Qe1 {[%emt 0:03:12]} Qxh3 {[%emt 0:00:35]} 30. Qf1 {[%emt 0:00:04] [#]} Ne2+ $11 {[%emt 0:00:33] Back Rank} 31. Qxe2 {[%emt 0:00:09]} Qh2+ {[%emt 0:00:08]} 32. Kf1 {[%emt 0:00:03]} Qh1# 0-1

[Event "GER-ch Women 2020"]
[Site "Magdeburg"]
[Date "2020.08.18"]
[Round "4.6"]
[White "Von Herman, Brigitte"]
[Black "Just, Anita"]
[Result "0-1"]
[WhiteElo "2085"]
[BlackElo "1912"]
[Annotator "ChessBase"]
[PlyCount "80"]
[EventDate "2020.08.16"]
[EventType "swiss"]
[EventCountry "GER"]
[SourceTitle "playchess.com"]
[Source "ChessBase"]
[SourceQuality "1"]
[TimeControl "40/5400+30:1800+30"]

1. e4 {[%emt 0:00:00]} e6 {[%emt 0:00:00]} 2. d4 {[%emt 0:00:00]} d5 {[%emt 0:00:00]} 3. Nc3 {[%emt 0:00:07]} Bb4 {[%emt 0:00:00]} 4. exd5 {[%emt 0:00:18]} exd5 {[%emt 0:00:11]} 5. Bd3 {[%emt 0:01:07]} Nc6 {[%emt 0:01:08]} 6. a3 {[%emt 0:00:19]} Bxc3+ {[%emt 0:03:12]} 7. bxc3 {[%emt 0:00:09]} Nge7 {[%emt 0:00:25]} 8. Qf3 {[%emt 0:00:56]} Be6 {[%emt 0:01:50]} 9. Nh3 {[%emt 0:03:06]} Qd7 {[%emt 0:05:22]} 10. Ng5 {[%emt 0:04:49]} O-O-O {[%emt 0:03:02]} 11. O-O {[%emt 0:02:42]} h6 {[%emt 0:11:48]} 12. Nxe6 {[%emt 0:00:45]} Qxe6 {[%emt 0:00:15]} 13. a4 {[%emt 0:06:27]} f5 {[%emt 0:09:24]} 14. Ba3 {[%emt 0:03:08]} Qf6 {[%emt 0:01:47]} 15. Rfe1 {[%emt 0:02:08]} Kb8 {[%emt 0:07:16]} 16. Re2 {[%emt 0:03:23]} g6 {[%emt 0:04:21]} 17. Rae1 {[%emt 0:04:15]} Nc8 {[%emt 0:02:36]} 18. Re6 {[%emt 0:06:42]} Qf7 {[%emt 0:05:13]} 19. Qe2 {[%emt 0:12:24]} Nd6 {[%emt 0:04:44]} 20. Bxd6 {[%emt 0:02:55]} cxd6 {[%emt 0:01:39]} 21. Bb5 {[%emt 0:11:14]} Ne5 {[%emt 0:04:36]} 22. Rxe5 {[%emt 0:04:21]} dxe5 {[%emt 0:00:17]} 23. Rb1 {[%emt 0:04:42]} e4 {[%emt 0:03:50]} 24. a5 {[%emt 0:03:37]} Rd6 {[%emt 0:03:30]} 25. Ba6 {[%emt 0:05:22]} Rd7 {[%emt 0:03:56]} 26. c4 {[%emt 0:01:42]} Ka8 {[%emt 0:01:29]} 27. Bb5 {[%emt 0:00:58]} Rdd8 {[%emt 0:01:52]} 28. c5 {[%emt 0:00:37]} Qc7 {[%emt 0:01:05]} 29. Qd2 {[%emt 0:01:04]} f4 {[%emt 0:04:08]} 30. Qb4 {[%emt 0:01:05]} Rhf8 {[%emt 0:02:11]} 31. Qa4 {[%emt 0:05:50]} Rf6 {[%emt 0:05:52]} 32. c4 {[%emt 0:01:58]} a6 {[%emt 0:02:58]} 33. Be8 {[%emt 0:04:21]} Re6 {[%emt 0:01:26]} 34. c6 {[%emt 0:01:38]} Rdxe8 {[%emt 0:04:16]} 35. cxd5 {[%emt 0:00:13]} R6e7 {[%emt 0:00:49]} 36. Rxb7 {[%emt 0:01:00]} Rb8 {[%emt 0:00:34]} 37. d6 {[%emt 0:02:02]} Rxb7 {[%emt 0:00:39]} 38. cxb7+ {[%emt 0:00:16]} Qxb7 {[%emt 0:00:02]} 39. h3 {[%emt 0:00:10]} Rd7 {[%emt 0:00:15]} 40. Qc4 {[%emt 0:01:07]} Rxd6 {[%emt 0:00:49]} 0-1

[Event "GER-ch Women 2020"]
[Site "Magdeburg"]
[Date "2020.08.18"]
[Round "4.7"]
[White "Bluebaum, Johanna"]
[Black "Stowicek, Yara Mathilda"]
[Result "1-0"]
[WhiteElo "2011"]
[BlackElo "1674"]
[Annotator "ChessBase"]
[PlyCount "138"]
[EventDate "2020.08.16"]
[EventType "swiss"]
[EventCountry "GER"]
[SourceTitle "playchess.com"]
[Source "ChessBase"]
[SourceQuality "1"]
[TimeControl "40/5400+30:1800+30"]

1. d4 {[%emt 0:00:00]} Nf6 {[%emt 0:00:00]} 2. c4 {[%emt 0:00:00]} e5 {[%emt 0:00:00]} 3. dxe5 {[%emt 0:00:14]} Ng4 {[%emt 0:00:03]} 4. Bf4 {[%emt 0:00:57]} Nc6 {[%emt 0:00:18]} 5. Nf3 {[%emt 0:00:14]} Bb4+ {[%emt 0:00:23]} 6. Nbd2 {[%emt 0:00:30]} Qe7 {[%emt 0:00:16]} 7. e3 {[%emt 0:00:53]} Ngxe5 {[%emt 0:01:03]} 8. Nxe5 {[%emt 0:02:12]} Nxe5 {[%emt 0:00:17]} 9. Be2 {[%emt 0:00:38]} O-O {[%emt 0:03:07]} 10. O-O {[%emt 0:00:35]} Bxd2 {[%emt 0:02:37]} 11. Qxd2 {[%emt 0:00:18]} d6 {[%emt 0:00:17]} 12. Rfd1 {[%emt 0:06:39]} Bf5 {[%emt 0:02:35]} 13. Rac1 {[%emt 0:00:56]} Rad8 {[%emt 0:00:42]} 14. Qa5 {[%emt 0:03:21]} b6 {[%emt 0:06:56]} 15. Qa3 {[%emt 0:02:59]} a5 {[%emt 0:01:48]} 16. Rd5 {[%emt 0:03:18]} Qf6 {[%emt 0:04:47]} 17. Qc3 {[%emt 0:09:30]} Be4 {[%emt 0:07:51]} 18. Bxe5 {[%emt 0:05:43]} Qg6 {[%emt 0:03:50]} 19. Bg3 {[%emt 0:00:54]} Bxd5 {[%emt 0:00:44]} 20. cxd5 {[%emt 0:00:09]} Rd7 {[%emt 0:00:59]} 21. Bd3 {[%emt 0:03:10]} f5 {[%emt 0:01:28]} 22. Qc6 {[%emt 0:00:50]} Qf7 {[%emt 0:01:37]} 23. Bb5 {[%emt 0:01:16]} Re7 {[%emt 0:04:22]} 24. Bh4 {[%emt 0:03:27]} Re4 {[%emt 0:02:13]} 25. Bg3 {[%emt 0:02:30]} Re7 {[%emt 0:00:22]} 26. Bd3 {[%emt 0:05:05]} h6 {[%emt 0:00:41]} 27. Qc2 {[%emt 0:01:24]} g6 {[%emt 0:02:10]} 28. Re1 {[%emt 0:02:20]} Rfe8 {[%emt 0:02:43]} 29. Bb5 {[%emt 0:00:32]} Rf8 {[%emt 0:01:40]} 30. f3 {[%emt 0:01:11]} Kh7 {[%emt 0:02:11]} 31. e4 {[%emt 0:00:30]} f4 {[%emt 0:01:53]} 32. Bh4 {[%emt 0:00:40]} Re5 {[%emt 0:00:47]} 33. Rc1 {[%emt 0:01:02]} c5 {[%emt 0:02:31]} 34. Be1 {[%emt 0:01:09]} Re7 {[%emt 0:01:05]} 35. Bc3 {[%emt 0:00:18]} Kg8 {[%emt 0:02:34]} 36. b3 {[%emt 0:00:31]} h5 {[%emt 0:01:37]} 37. e5 {[%emt 0:00:56]} Kh7 {[%emt 0:08:56]} 38. e6 {[%emt 0:02:14]} Qf5 {[%emt 0:02:02]} 39. Qxf5 {[%emt 0:01:21]} Rxf5 {[%emt 0:00:16]} 40. Bc6 {[%emt 0:00:53]} g5 {[%emt 0:01:41]} 41. a3 {[%emt 0:30:53]} g4 {[%emt 0:31:20]} 42. b4 {[%emt 0:00:51]} axb4 {[%emt 0:00:31]} 43. axb4 {[%emt 0:00:09]} Rf8 {[%emt 0:01:39]} 44. bxc5 {[%emt 0:00:44]} bxc5 {[%emt 0:00:34]} 45. Rb1 {[%emt 0:00:08]} Kg6 {[%emt 0:01:29]} 46. Bb5 {[%emt 0:01:28]} Kg5 {[%emt 0:01:17]} 47. Bc6 {[%emt 0:02:11]} Kg6 {[%emt 0:00:25]} 48. Kf2 {[%emt 0:00:35]} Kg5 {[%emt 0:02:30]} 49. Ke2 {[%emt 0:00:24]} Kg6 {[%emt 0:00:54]} 50. Kd3 {[%emt 0:00:09]} Kf5 {[%emt 0:00:10]} 51. Rb6 {[%emt 0:00:46]} Rd8 {[%emt 0:01:24]} 52. Kc4 {[%emt 0:02:17]} Kg6 {[%emt 0:01:47]} 53. Ba4 {[%emt 0:01:42]} Ra7 {[%emt 0:01:31]} 54. Bc2+ {[%emt 0:00:11]} Kg5 {[%emt 0:00:34]} 55. Bb3 {[%emt 0:08:03]} Kf5 {[%emt 0:00:34]} 56. Kb5 {[%emt 0:01:00]} Rc7 {[%emt 0:01:23]} 57. Bc2+ {[%emt 0:00:37]} Kg5 {[%emt 0:00:12]} 58. Ba5 {[%emt 0:00:14]} Ra7 {[%emt 0:01:39]} 59. Ra6 {[%emt 0:08:07]} Rb8+ {[%emt 0:02:56]} 60. Bb6 {[%emt 0:00:55]} Rxa6 {[%emt 0:01:37]} 61. Kxa6 {[%emt 0:00:06]} Rxb6+ {[%emt 0:00:43]} 62. Kxb6 {[%emt 0:00:14]} Kf6 {[%emt 0:00:07]} 63. fxg4 {[%emt 0:01:44]} hxg4 {[%emt 0:00:30]} 64. Bd1 {[%emt 0:00:11]} g3 {[%emt 0:01:11]} 65. hxg3 {[%emt 0:01:24]} fxg3 {[%emt 0:00:12]} 66. Kb5 {[%emt 0:00:20]} Ke7 {[%emt 0:01:14]} 67. Kc4 {[%emt 0:00:05]} Kf6 {[%emt 0:00:21]} 68. Kd3 {[%emt 0:00:03]} Ke7 {[%emt 0:01:31]} 69. Ke4 {[%emt 0:00:04]} Kf6 {[%emt 0:00:25]} 1-0

[Event "GER-ch Women 2020"]
[Site "Magdeburg"]
[Date "2020.08.18"]
[Round "4.8"]
[White "Kuehnel, Lena"]
[Black "Kopylov, Luba"]
[Result "1/2-1/2"]
[WhiteElo "1972"]
[BlackElo "2027"]
[Annotator "NA"]
[PlyCount "74"]
[EventDate "2020.08.16"]
[EventType "swiss"]
[EventCountry "GER"]
[SourceTitle "playchess.com"]
[Source "ChessBase"]
[SourceQuality "1"]
[TimeControl "40/5400+30:1800+30"]

1. e4 {[%emt 0:00:00]} c5 {[%emt 0:01:11]} 2. Nf3 {[%emt 0:00:00]} d6 {[%emt 0:00:07]} 3. d4 {[%emt 0:00:00]} cxd4 {[%emt 0:00:05]} 4. Nxd4 {[%emt 0:00:00]} Nf6 {[%emt 0:00:05]} 5. f3 {[%emt 0:00:16]} Nc6 {[%emt 0:01:20]} 6. c4 {[%emt 0:01:32]} Qb6 {[%emt 0:06:33]} 7. Nc2 {[%emt 0:00:47]} e6 {[%emt 0:00:30]} 8. Nc3 {[%emt 0:01:27]} Be7 {[%emt 0:00:38] B55: Sicilian: 2...d6 3 d4 cxd4 4 Nxd4 Nf6 5 f3.} 9. Rb1 {[%emt 0:03:40]} Nb4 {[%emt 0:06:52]} 10. Nxb4 {[%emt 0:05:42]} Qxb4 {[%emt 0:00:06]} 11. Be3 {[%emt 0:02:02]} O-O {[%emt 0:03:34]} 12. Be2 {[%emt 0:02:55] [#]} Rd8 $146 {[%emt 0:05:08]} ({Predecessor:} 12... Bd7 13. O-O Bc6 14. a3 Qa5 15. b4 Qc7 16. Rc1 Qb8 17. Qb3 b6 18. Rfd1 Rd8 {½-½ (29) Mastrovasilis,D (2533)-Georgiev,K (2637) Topola 2004}) 13. O-O {[%emt 0:03:49]} d5 {[%emt 0:06:12]} 14. cxd5 {[%emt 0:05:10]} exd5 {[%emt 0:00:46]} 15. e5 {[%emt 0:16:01]} Bc5 {[%emt 0:14:28]} 16. Bxc5 {[%emt 0:16:25]} Qxc5+ {[%emt 0:00:17]} 17. Kh1 {[%emt 0:00:15]} Ne8 {[%emt 0:04:29]} 18. f4 {[%emt 0:05:09]} g6 {[%emt 0:11:25]} 19. Rc1 {[%emt 0:07:38]} Be6 {[%emt 0:06:28]} 20. Qe1 {[%emt 0:02:50]} Rac8 {[%emt 0:03:44]} 21. Rd1 {[%emt 0:05:05]} Qb4 {[%emt 0:05:26]} 22. Rd2 {[%emt 0:04:03]} d4 {[%emt 0:10:24]} 23. a3 {[%emt 0:02:13]} Qb3 {[%emt 0:04:08]} 24. Ne4 {[%emt 0:00:37]} Qe3 {[%emt 0:02:40]} 25. Bd3 {[%emt 0:03:27]} Bf5 {[%emt 0:02:01]} 26. Nf6+ {[%emt 0:03:31]} Nxf6 $11 {[%emt 0:00:07]} 27. Bxf5 {[%emt 0:00:04]} gxf5 {[%emt 0:00:53]} 28. exf6 {[%emt 0:00:11]} Qxe1 {[%emt 0:01:02]} 29. Rxe1 {[%emt 0:00:01]} d3 {[%emt 0:00:16]} 30. Kg1 {[%emt 0:00:52]} Rd4 {[%emt 0:01:54]} 31. Red1 {[%emt 0:01:44]} Rcd8 {[%emt 0:00:04]} 32. g3 {[%emt 0:00:46]} h5 {[%emt 0:00:05]} 33. Kf2 {[%emt 0:00:32]} Kh7 {[%emt 0:00:04]} 34. Ke3 {[%emt 0:00:59]} Re4+ {[%emt 0:00:05]} 35. Kf3 {[%emt 0:00:14]} Red4 {[%emt 0:00:17]} 36. Ke3 {[%emt 0:00:16]} Re4+ {[%emt 0:00:05]} 37. Kf3 {[%emt 0:00:05]} Red4 1/2-1/2